Statistics for Living things by scientific name

Click here to take the quiz!

General Stats

  • This quiz has been taken 12 times
  • The average score is 13 of 21

Answer Stats

Hint % Correct
Lama glamaLlama
100%
Giraffa camelopardalisGiraffe
100%
Gorilla gorillaGorilla
100%
Panthera tigris tigrisBengal tiger
100%
Cinnamomum verumCinnamon
91%
Coffea arabicaArabian coffee
91%
Felis silvestris catusCat
91%
Elephas maximusAsian elephant
91%
Ursus maritimusPolar bear
91%
Theobroma cacaoCocoa tree
82%
Citrus × sinensisOrange
73%
Mentha × piperitaPepermint
73%
Ananas comosusPineapple
73%
Zea maysMaize
55%
Fragaria × ananassaStrawberry
45%
Spheniscus magellanicusMagellanic penguin
18%
Saccharomyces cerevisiaeBaker's yeast
18%
Haliaeetus leucocephalusBald eagle
18%
Aspergillus nigerBlack mould
9%
Syzygium aromaticumClove
9%
Megaptera novaeangliaeHumpback whale
0%

Score Distribution

Percentile by Number Answered

Percent of People with Each Score

Your Score History

You have not taken this quiz